Music Quiz

Random Music or Clickable Quiz

Vessel Opening Lyrics-Twenty One Pilots Quiz Stats

 Plays Quiz not verified by Sporcle

Also try: Boy Band Members
Challenge
Share
Tweet
Embed
Score 0/12 Timer 10:00
0 Plays Today
% Correct
House of Gold
98.7%
Car Radio
98.5%
Migraine
96.1%
Trees
95.2%
Holding On To You
95%
Ode to Sleep
94.5%
Guns for Hands
90.3%
Truce
90.1%
The Run and Go
86%
Semi-Automatic
84%
Screen
83%
Fake You Out
79.9%

You're not logged in!

Compare scores with friends on all Sporcle quizzes.
OR
Log In

You Might Also Like...

Show Comments

Extras

Created Apr 14, 2016ReportNominate
Tags:Clickable Quiz, pilot, vessel

Top Quizzes Today


Score Distribution

Your Account Isn't Verified!

In order to create a playlist on Sporcle, you need to verify the email address you used during registration. Go to your Sporcle Settings to finish the process.

Report this User

Report this user for behavior that violates our Community Guidelines.

Details: